[Event "34.Schlosspark-Open"]
[Site "Wiesbaden-Biebrich"]
[Date "2025.08.30"]
[Round "5.9"]
[White "Gentner, Markus"]
[Black "Minor, Samuel"]
[Result "0-1"]
[WhiteElo "2001"]
[BlackElo "2186"]
[PlyCount "102"]
[EventDate "2025.08.28"]
[WhiteTeam "SC Murrhardt 1948 e.V."]
[BlackTeam "Wiesbadener SV 1885"]

1. Nf3 f5 2. d3 d6 3. e4 e5 4. Nc3 c5 5. g3 Nc6 6. exf5 Bxf5 7. Nh4 Be6 8. Bg2 Nf6 9. O-O Be7 10. Nf3 h6 11. h3 Qd7 12. Kh2 O-O 13. Be3 d5 14. Ne2 d4 15. Bc1 c4 16. Nh4 Bf7 17. Ng1 g5 18. Nhf3 cxd3 19. cxd3 Bg6 20. Qb3+ Kg7 21. Nd2 Nb4 22. Ne4 Bf7 23. Nxf6 Kxf6 24. Qd1 Kg7 25. Nf3 Qc7 26. a3 Nd5 27. Bd2 Bf6 28. Qa4 a6 29. Rac1 Qd6 30. Bb4 Nxb4 31. Qxb4 Qxb4 32. axb4 Bg6 33. Rfd1 Rac8 34. Ne1 Be7 35. Kg1 Bxb4 36. Nc2 a5 37. Bxb7 Rc7 38. Ba6 Ra7 39. Nxb4 axb4 40. Bc4 Rc8 41. Ra1 Rcc7 42. Kf1 Bh5 43. Re1 Bf3 44. Rec1 Kf6 45. Kg1 h5 46. Kh2 Rxa1 47. Rxa1 Rxc4 48. dxc4 d3 49. c5 d2 50. c6 Ke6 51. c7 Kd7 0-1

[Event "34.Schlosspark-Open"]
[Site "Wiesbaden-Biebrich"]
[EventDate "2025.08.28"]
[Date "2025.08.30"]
[Time "15:00:00"]
[Round "5.10"]
[White "Kersten, Uwe"]
[Black "Becx, Cesar"]
[Result "1-0"]
[WhiteElo "2169"]
[BlackElo "2065"]
[WhiteNrv "2180"]
[BlackNrv "2065"]
[WhiteTwz "2169"]
[BlackTwz "2065"]
[WhiteTitle "IM"]
[BlackTitle "FM"]
[WhiteFideId "4615646"]
[BlackFideId "1001183"]
[WhiteNatFedId "10102874"]
[BlackNatFedId ""]
[WhiteAttr "M"]
[BlackAttr "M"]
[WhiteTeam "Sfr. Wolfhagen e. V."]
[BlackTeam "Tilburg"]
[PlyCount "62"]

1. d4 f5 2. Nf3 Nf6 3. Bf4 d6 4. h3 g6 5. e3 Bg7 6. c4 Nc6 7. Nc3 O-O 8. Bh2 e6 9. Rc1 Ne7 10. Be2 h6 11. Qb3 a6 12. Qa3 Bd7 13. b4 Rf7 14. Qb3 Qf8 15. Nd2 Ne8 16. c5 Kh7 17. cxd6 cxd6 18. Nc4 Nc8 19. O-O b5 20. Na5 Nb6 21. Bf3 d5 22. Nb7 Nc4 23. Rfd1 Ra7 24. Nc5 Ned6 25. a4 Bc8 26. Ra1 Ne4 27. Bxe4 fxe4 28. axb5 Rxf2 29. N3xe4 Rb2 30. Qc3 dxe4 31. Rf1 Rf7 1-0

[Event "34.Schlosspark-Open"]
[Site "Wiesbaden-Biebrich"]
[Date "2025.08.30"]
[Round "5.12"]
[White "Jahnel, Günther"]
[Black "Gülsen, Taylan"]
[Result "1/2-1/2"]
[WhiteElo "2163"]
[BlackElo "2063"]
[PlyCount "47"]
[EventDate "2025.08.28"]
[WhiteTeam "FVS ASP Hoyerswerda"]
[BlackTeam "Brühler SK 1920 e. V."]

1. d4 d5 2. c4 dxc4 3. e3 e5 4. Bxc4 exd4 5. exd4 Bd6 6. Nf3 Nf6 7. O-O O-O 8. Bg5 Nc6 9. h3 h6 10. Be3 Bf5 11. Nc3 a6 12. Re1 Qd7 13. a3 Rae8 14. Bf1 Bh7 15. Bd3 Bxd3 16. Qxd3 Nh5 17. Rad1 Nf4 18. Bxf4 Bxf4 19. Re4 Rxe4 20. Qxe4 Bd6 21. Ne5 Bxe5 22. dxe5 Qe7 23. f4 Rd8 24. Rxd8+ 1/2-1/2

[Event "34.Schlosspark-Open"]
[Site "Wiesbaden-Biebrich"]
[Date "2025.08.30"]
[Round "5.13"]
[White "Nagel, Bernhard"]
[Black "Gieringer, Clemens"]
[Result "1-0"]
[WhiteElo "2148"]
[BlackElo "1932"]
[PlyCount "95"]
[EventDate "2025.08.28"]
[WhiteTeam "Kölner Schachklub Dr. Lasker 186"]
[BlackTeam "Sfr.Mainz 1928"]

1. e4 c5 2. Nf3 Nc6 3. Bb5 d6 4. O-O Bd7 5. Re1 Nf6 6. c3 a6 7. Bf1 Bg4 8. d4 cxd4 9. cxd4 Bxf3 10. gxf3 e5 11. Be3 exd4 12. Bxd4 Nxd4 13. Qxd4 Be7 14. Nc3 O-O 15. Rad1 Re8 16. f4 Bf8 17. Bg2 Qc7 18. Bf3 Rad8 19. Kh1 Nd7 20. Nd5 Qc5 21. Qd2 b5 22. Rc1 Qa7 23. Rc7 Qb8 24. Rg1 Kh8 25. Qd4 f6 26. Bh5 Nc5 27. Bxe8 Rxe8 28. Rc1 Rxe4 29. Qc3 Rc4 30. Qe3 Rxc1+ 31. Qxc1 Qa8 32. Qd1 Ne6 33. Rc2 Nxf4 34. Rd2 g6 35. f3 Nxd5 36. Rxd5 Qe8 37. Kg2 Qe3 38. Qd2 Qe6 39. b3 Kg7 40. Rd3 Qf5 41. Rc3 h5 42. Rc7+ Kh8 43. h4 g5 44. Qc2 Qxc2+ 45. Rxc2 Kg7 46. Rc6 Be7 47. Rxa6 gxh4 48. Rb6 1-0

[Event "34.Schlosspark-Open"]
[Site "Wiesbaden-Biebrich"]
[Date "2025.08.30"]
[Round "5.14"]
[White "Chassard, Cedric"]
[Black "Khenkin, Igor"]
[Result "1/2-1/2"]
[WhiteElo "2208"]
[BlackElo "2499"]
[PlyCount "24"]
[EventDate "2025.08.28"]
[WhiteTeam "TSV Schott Mainz"]
[BlackTeam "Wiesbadener SV 1885"]

1. e4 c6 2. d4 d5 3. e5 Bf5 4. Nf3 e6 5. Be2 Nd7 6. O-O a5 7. Re1 a4 8. c3 h6 9. Nbd2 Ne7 10. Nf1 b5 11. Ng3 Bh7 12. Be3 Nf5 1/2-1/2

[Event "34.Schlosspark-Open"]
[Site "Wiesbaden-Biebrich"]
[Date "2025.08.30"]
[Round "5.16"]
[White "Stephanblome, Felix"]
[Black "Calvi, Stefan"]
[Result "1-0"]
[WhiteElo "2116"]
[BlackElo "1959"]
[PlyCount "87"]
[EventDate "2025.08.28"]
[WhiteTeam "SV 1934 Ffm-Griesheim"]
[BlackTeam "SV Oberursel"]

1. d4 Nf6 2. c4 e6 3. Nc3 Bb4 4. Bd2 O-O 5. Nf3 Re8 6. g3 d5 7. cxd5 exd5 8. Bg2 Bf5 9. O-O Nbd7 10. Nh4 Be6 11. Nxd5 Nxd5 12. Bxd5 Bxd5 13. Bxb4 a5 14. Bd2 Qe7 15. Re1 Qe4 16. Nf3 Qg4 17. Bf4 c6 18. Qd3 Nf6 19. Ne5 Qh3 20. Nf3 h6 21. Be5 Be4 22. Qe3 Bd5 23. Qf4 Re6 24. Qh4 Qxh4 25. Nxh4 Nd7 26. e4 Bc4 27. b3 Ba6 28. f4 Nxe5 29. dxe5 a4 30. b4 Rd8 31. Rad1 Rxd1 32. Rxd1 g6 33. a3 Re8 34. Kf2 Rc8 35. Rd7 c5 36. bxc5 Rxc5 37. e6 fxe6 38. Nxg6 Rc2+ 39. Kf3 Rxh2 40. f5 exf5 41. exf5 Bb5 42. Re7 Bc6+ 43. Kf4 b5 44. f6 1-0

[Event "34.Schlosspark-Open"]
[Site "Wiesbaden-Biebrich"]
[Date "2025.08.30"]
[Round "5.17"]
[White "Sreeramulu, Aarush"]
[Black "Faulhaber, Tobias"]
[Result "1-0"]
[WhiteElo "2115"]
[BlackElo "1913"]
[PlyCount "109"]
[EventDate "2025.08.28"]
[WhiteTeam "SK Marburg 1931/72"]
[BlackTeam "SC Schifferstadt"]

1. d4 d5 2. c4 e6 3. Nc3 Nf6 4. cxd5 exd5 5. Bg5 Be7 6. e3 c6 7. Bd3 O-O 8. Qc2 Nbd7 9. Nf3 Re8 10. O-O g6 11. Rab1 Ne4 12. Bxe7 Qxe7 13. b4 a6 14. a4 b5 15. Bxe4 dxe4 16. Nd2 f5 17. axb5 axb5 18. d5 Bb7 19. Ncxe4 cxd5 20. Nc3 Bc6 21. Nf3 Qf6 22. Nd4 Rab8 23. Ra1 Ne5 24. Ra6 Rec8 25. Qa2 Qf7 26. Nxc6 Rxc6 27. Ra7 Rb7 28. Rxb7 Qxb7 29. Qxd5+ Nf7 30. h3 Rb6 31. Qb3 Rc6 32. Rd1 Kg7 33. Qd5 Rb6 34. Qxb7 Rxb7 35. Rd5 Rc7 36. Ne2 Rc2 37. Nd4 Rc1+ 38. Kh2 Rb1 39. Rxb5 Nd6 40. Rb6 Nc4 41. Rb7+ Kf6 42. b5 Rb2 43. Rc7 Nd2 44. Rc1 h5 45. h4 Ke5 46. Rc2 Rxc2 47. Nxc2 Nc4 48. Kg3 Nd6 49. Na3 Ne4+ 50. Kf3 Kd5 51. Nc2 Nd2+ 52. Kf4 Nc4 53. Kg5 Kc5 54. Kxg6 Kxb5 55. Kxh5 1-0

[Event "34.Schlosspark-Open"]
[Site "Wiesbaden-Biebrich"]
[Date "2025.08.30"]
[Round "5.18"]
[White "Wagner, Stefan"]
[Black "Klein, Levent"]
[Result "0-1"]
[WhiteElo "1984"]
[BlackElo "2107"]
[PlyCount "146"]
[EventDate "2025.08.28"]
[WhiteTeam "SC Landskrone"]
[BlackTeam "SK Kaiserslautern 1905"]

1. d4 c6 2. c4 d5 3. Nf3 Nf6 4. Nc3 g6 5. e3 Bg7 6. Be2 O-O 7. O-O Nbd7 8. cxd5 cxd5 9. Qb3 e6 10. Bd2 Qb6 11. Rfc1 Rd8 12. Qa4 Nb8 13. Rc2 Bd7 14. Nb5 Nc6 15. Qb3 a6 16. Nc3 Qxb3 17. axb3 Bf8 18. Na4 Nb4 19. Bxb4 Bxb4 20. Ne5 Bxa4 21. bxa4 Bd6 22. Nd3 Nd7 23. g3 Kf8 24. Kf1 Ke7 25. f4 Rdc8 26. Rac1 Kd8 27. Ke1 Rxc2 28. Rxc2 Nb6 29. b3 Nd7 30. Nf2 Nb8 31. Kd2 Nc6 32. Ra2 Rc8 33. Rc2 Ra8 34. Ra2 Nb4 35. Ra1 Kd7 36. Nd3 Nc6 37. Ne5+ Bxe5 38. fxe5 h5 39. Rf1 Ke7 40. Bd3 Rc8 41. Rc1 Kd7 42. Rf1 Ke8 43. Rc1 Kd8 44. Rf1 Rc7 45. Rc1 Ne7 46. Rf1 Ke8 47. Be2 Nf5 48. Bd3 Ke7 49. Bxf5 exf5 50. Rc1 Rxc1 51. Kxc1 f6 52. exf6+ Kxf6 53. Kd2 Kg5 54. Ke2 Kg4 55. Kf2 Kh3 56. Kg1 g5 57. a5 Kg4 58. Kg2 h4 59. Kf2 hxg3+ 60. hxg3 f4 61. gxf4 gxf4 62. Ke2 fxe3 63. Kxe3 Kg3 64. Kd3 Kf3 65. b4 Kf4 66. b5 Kf3 67. Kc3 Ke3 68. Kb3 Kd3 69. Ka3 Kc3 70. Ka4 Kc4 71. b6 Kxd4 72. Kb4 Ke5 73. Kc5 d4 0-1

[Event "34.Schlosspark-Open"]
[Site "Wiesbaden-Biebrich"]
[Date "2025.08.30"]
[Round "5.19"]
[White "Barbanera, Fabrizio"]
[Black "Jansen, Malte"]
[Result "1/2-1/2"]
[WhiteElo "2098"]
[BlackElo "1891"]
[PlyCount "25"]
[EventDate "2025.08.28"]
[WhiteTeam "SC Neumühl"]
[BlackTeam "SC Mattmeister Karben 1998"]

1. e4 e5 2. Nf3 Nc6 3. Bc4 Nf6 4. d4 exd4 5. O-O Nxe4 6. Re1 d5 7. Bxd5 Qxd5 8. Nc3 Qh5 9. Nxe4 Be6 10. Bg5 Bd6 11. Nxd6+ cxd6 12. Bf4 Qd5 13. c3 1/2-1/2

[Event "34.Schlosspark-Open"]
[Site "Wiesbaden-Biebrich"]
[Date "2025.08.30"]
[Round "5.20"]
[White "Hendriks, Theo"]
[Black "Pradeep, Harshill"]
[Result "0-1"]
[WhiteElo "1987"]
[BlackElo "1981"]
[PlyCount "74"]
[EventDate "2025.08.28"]
[WhiteTeam "S.V.De Amstel"]
[BlackTeam "SK Bickenbach"]

1. e4 c5 2. Nf3 e6 3. d4 cxd4 4. Nxd4 a6 5. Bd3 Bc5 6. Nb3 Ba7 7. O-O Nc6 8. c3 Nge7 9. N1d2 O-O 10. Nf3 d6 11. Qe2 Ng6 12. Bg5 Qc7 13. Nh4 Nge5 14. Bc2 b5 15. Kh1 Nc4 16. Rab1 Bb7 17. Rfd1 Rac8 18. Rd3 f6 19. Bc1 Rf7 20. Rg3 Qb6 21. Be3 Nxe3 22. Rxe3 a5 23. Rd1 a4 24. Rxd6 axb3 25. Bxb3 Qc7 26. Red3 Ne5 27. Rd1 Nc4 28. Rxe6 Rd8 29. Rxd8+ Qxd8 30. Nf5 Bc8 31. Bxc4 bxc4 32. Rd6 Qc7 33. Qd2 Rf8 34. Qd5+ Kh8 35. Rc6 Qf4 36. Ne3 Bxe3 37. Qf7 Bc5 0-1

[Event "34.Schlosspark-Open"]
[Site "Wiesbaden-Biebrich"]
[Date "2025.08.30"]
[Round "5.21"]
[White "Tremöhlen, Thomas"]
[Black "Li, Maxim"]
[Result "1/2-1/2"]
[WhiteElo "1974"]
[BlackElo "2066"]
[PlyCount "36"]
[EventDate "2025.08.28"]
[WhiteTeam "Sportgemeinschaft Kaarst 1912/35"]
[BlackTeam "Wiesbadener SV 1885"]

1. Nf3 d5 2. d4 c6 3. e3 Nf6 4. Bd3 Nbd7 5. b3 e6 6. O-O Bd6 7. Bb2 Qc7 8. c4 b6 9. Nc3 a6 10. cxd5 cxd5 11. Rc1 Qb8 12. e4 dxe4 13. Nxe4 Bf4 14. Rc2 Bb7 15. Qe2 O-O 16. g3 Nxe4 17. Bxe4 Bxe4 18. Qxe4 Bd6 1/2-1/2

[Event "34.Schlosspark-Open"]
[Site "Wiesbaden-Biebrich"]
[Date "2025.08.30"]
[Round "5.22"]
[White "Bischoff, Ulrich"]
[Black "Pucher, Sebastien"]
[Result "1/2-1/2"]
[WhiteElo "1963"]
[BlackElo "2257"]
[PlyCount "80"]
[EventDate "2025.08.28"]
[WhiteTeam "Schachfreunde Eltville"]
[BlackTeam "Metz"]

1. d4 d6 2. Nf3 Nf6 3. c4 g6 4. g3 Bf5 5. Bg2 Bg7 6. O-O O-O 7. Nc3 Ne4 8. Qb3 Nxc3 9. Qxc3 Be4 10. Qe3 Bxf3 11. Bxf3 c6 12. Rd1 Nd7 13. Qb3 Qc7 14. Bg5 Rfe8 15. Rac1 a5 16. c5 dxc5 17. dxc5 a4 18. Qb4 Nf8 19. Rc2 Ne6 20. Be3 Red8 21. Rcd2 Rxd2 22. Rxd2 h5 23. h4 Ra5 24. Kg2 Be5 25. Rd3 Kg7 26. Qd2 Nxc5 27. Rd8 Rb5 28. Bxc5 Rxc5 29. Rd7 Qb6 30. Rxe7 Qxb2 31. Qxb2 Bxb2 32. Rxb7 Rc2 33. Bxc6 Rxc6 34. Rxb2 a3 35. Rb3 Rc2 36. Rxa3 Rxe2 37. Ra8 Rc2 38. a4 Ra2 39. a5 Ra3 40. a6 Kf6 1/2-1/2

[Event "34.Schlosspark-Open"]
[Site "Wiesbaden-Biebrich"]
[Date "2025.08.30"]
[Round "5.23"]
[White "Reus, Rudolf"]
[Black "Neurohr, Jürgen"]
[Result "1-0"]
[WhiteElo "2226"]
[BlackElo "1951"]
[PlyCount "95"]
[EventDate "2025.08.28"]
[WhiteTeam "Sfr.Mainz 1928"]
[BlackTeam "Sfr.Mainz 1928"]

1. c4 e5 2. Nc3 Nf6 3. Nf3 Nc6 4. g3 d5 5. cxd5 Nxd5 6. Bg2 Nb6 7. O-O Be7 8. b3 O-O 9. Bb2 Be6 10. d4 exd4 11. Nb5 Bd5 12. Nbxd4 Nxd4 13. Bxd4 Bf6 14. Bxf6 Qxf6 15. Qd4 Qxd4 16. Nxd4 Bxg2 17. Kxg2 Rfd8 18. Rfd1 g6 19. Nb5 Rxd1 20. Rxd1 c6 21. Nc3 Kf8 22. h4 h5 23. Kf3 Ke7 24. g4 hxg4+ 25. Kxg4 Nd7 26. e4 Rh8 27. f4 b5 28. b4 Rh5 29. e5 f6 30. Rd6 Rf5 31. Rxc6 fxe5 32. Rxg6 Rxf4+ 33. Kg5 Kf7 34. Nd5 Rd4 35. Rd6 Nb6 36. Rf6+ Kg7 37. Nxb6 axb6 38. a3 Rxh4 39. Rxb6 Rh3 40. Kf5 Rxa3 41. Kxe5 Rh3 42. Kd6 Rh6+ 43. Kc5 Rh5+ 44. Kc6 Kf7 45. Rxb5 Rh6+ 46. Kc7 Ke7 47. Re5+ Kf6 48. Re1 1-0

[Event "34.Schlosspark-Open"]
[Site "Wiesbaden-Biebrich"]
[Date "2025.08.30"]
[Round "5.24"]
[White "Steigleder, Maximilian"]
[Black "Musiienko, Tymur"]
[Result "1/2-1/2"]
[WhiteElo "1981"]
[BlackElo "2202"]
[PlyCount "98"]
[EventDate "2025.08.28"]
[WhiteTeam "Sfr.1932 Kelkheim"]
[BlackTeam "Wiesbadener SV 1885"]

1. e4 e5 2. Nc3 Nf6 3. f4 d5 4. fxe5 Nxe4 5. Qf3 Nxc3 6. bxc3 c5 7. Bb5+ Nc6 8. Ne2 Be7 9. O-O O-O 10. d4 a6 11. Bd3 cxd4 12. cxd4 Nb4 13. Ba3 Nxd3 14. Qxd3 Bd7 15. Bxe7 Qxe7 16. Nf4 Bb5 17. Nxd5 Qd8 18. c4 Qxd5 19. cxb5 axb5 20. Rfb1 Ra5 21. Rb4 Rfa8 22. Qf3 Qd7 23. Qh3 Qxh3 24. gxh3 g6 25. Rb2 Rd8 26. Rd1 Rd5 27. Rd3 Ra4 28. Rbd2 Rd8 29. a3 Rda8 30. Rb2 Rd8 31. Rxb5 Raxd4 32. Rxd4 Rxd4 33. Rxb7 Rd5 34. e6 fxe6 35. Ra7 Rd2 36. a4 Ra2 37. Re7 Rxa4 38. Rxe6 Kf7 39. Re2 g5 40. Kg2 Kf6 41. Rb2 Rf4 42. Ra2 h5 43. Rb2 Kf5 44. Ra2 Re4 45. Rb2 Re3 46. Rb5+ Kf4 47. Rb4+ Re4 48. Rxe4+ Kxe4 49. h4 gxh4 1/2-1/2

[Event "34.Schlosspark-Open"]
[Site "Wiesbaden-Biebrich"]
[Date "2025.08.30"]
[Round "5.25"]
[White "Wolf, Ulrich Martin"]
[Black "Eveleens, Wim"]
[Result "1-0"]
[WhiteElo "2143"]
[BlackElo "1984"]
[PlyCount "57"]
[EventDate "2025.08.28"]
[WhiteTeam "SK Bad Homburg 1927"]
[BlackTeam "S.V.De Amstel"]

1. Nf3 e6 2. g3 f5 3. Bg2 Nf6 4. c4 Be7 5. O-O O-O 6. d3 d6 7. Nc3 e5 8. Rb1 Qe8 9. b4 Nc6 10. a4 Qh5 11. b5 Nd8 12. Nd5 Nxd5 13. cxd5 Nf7 14. Rb4 g5 15. Nd2 Bd7 16. Nb3 b6 17. f4 Rae8 18. fxg5 Nxg5 19. Rh4 Qg6 20. Rc4 Bd8 21. Kh1 Nf7 22. Qc2 Bc8 23. Be3 Nh6 24. Nc1 Ng4 25. Bg1 Qh6 26. Na2 Ne3 27. Bxe3 Qxe3 28. Nb4 f4 29. Rf3 1-0

[Event "34.Schlosspark-Open"]
[Site "Wiesbaden-Biebrich"]
[Date "2025.08.30"]
[Round "5.26"]
[White "Vranckx, Oscar"]
[Black "von Auer, Ulrich"]
[Result "1/2-1/2"]
[WhiteElo "2107"]
[BlackElo "1960"]
[PlyCount "125"]
[EventDate "2025.08.28"]
[WhiteTeam "Sfr.Mainz 1928"]
[BlackTeam "SV Oberursel"]

1. e4 e6 2. d4 d5 3. Nc3 Nf6 4. Bg5 Bb4 5. e5 h6 6. Bd2 Bxc3 7. bxc3 Ne4 8. Qg4 Kf8 9. Be3 Nxc3 10. Bd3 c5 11. dxc5 Nc6 12. Nf3 Bd7 13. O-O Ne7 14. Nd4 b6 15. Nb3 Na4 16. cxb6 axb6 17. Qb4 g6 18. Qf4 Nf5 19. g4 Nh4 20. Qg3 Nc3 21. f3 Kg7 22. g5 Nf5 23. gxh6+ Kh7 24. Qf4 Ra4 25. Nd4 Bb5 26. Bxb5 Nxb5 27. Rfd1 Qc8 28. Kh1 Nbxd4 29. Rxd4 Rxd4 30. Bxd4 Qc4 31. c3 Ra8 32. Qd2 b5 33. a3 Qb3 34. Bc5 Qc4 35. Bb4 Rc8 36. Rd1 Qh4 37. Rg1 Qxh6 38. Qe2 Rc4 39. Ba5 Rh4 40. Qf2 Qf4 41. Rb1 Ne3 42. Rg1 Kg7 43. Bd8 Ng4 44. Rxg4 Rxg4 45. Bf6+ Kh7 46. Qf1 Kg8 47. Qd1 Rh4 48. Bxh4 Qxh4 49. Qe2 Qf4 50. Kg2 Qa4 51. Qb2 Qc4 52. Kg3 Kg7 53. Kg2 Qd3 54. Kf2 g5 55. Qc1 Kg6 56. h3 Kf5 57. Qb2 Kg6 58. Qb4 Qd2+ 59. Kf1 Qd1+ 60. Kf2 Qd2+ 61. Kf1 Qd1+ 62. Kf2 Qd2+ 63. Kf1 1/2-1/2

[Event "34.Schlosspark-Open"]
[Site "Wiesbaden-Biebrich"]
[Date "2025.08.30"]
[Round "5.27"]
[White "Dauster, Ronald"]
[Black "Pohle, Dirk"]
[Result "0-1"]
[WhiteElo "1954"]
[BlackElo "2101"]
[PlyCount "136"]
[EventDate "2025.08.28"]
[WhiteTeam "FT Schierstein"]
[BlackTeam "Langenfelder Schachfreunde 1933"]

1. c4 e6 2. Nc3 f5 3. e4 fxe4 4. Nxe4 Nf6 5. Nxf6+ Qxf6 6. Nf3 Nc6 7. d4 Bb4+ 8. Bd2 O-O 9. Bxb4 Nxb4 10. Be2 d6 11. O-O Qh6 12. Qb3 Nc6 13. d5 Nd8 14. Rac1 b6 15. Rc3 e5 16. Re3 Qf6 17. Nd2 Nf7 18. Ne4 Qh4 19. g3 Qh6 20. Bf3 Bd7 21. Qd1 Bh3 22. Bg2 Bf5 23. Nd2 Rae8 24. Qe2 Bd7 25. Ne4 Ng5 26. Nxg5 Qxg5 27. h3 Qh6 28. Kh2 g5 29. Rf3 Kg7 30. Rxf8 Rxf8 31. Qe3 Rf6 32. Rh1 Qh5 33. Kg1 h6 34. h4 g4 35. Be4 Bf5 36. Kg2 Qg6 37. Re1 Bxe4+ 38. Qxe4 Rf3 39. Kf1 Kf6 40. Qxg6+ Kxg6 41. Ke2 Kf5 42. Rc1 Ke4 43. Rd1 h5 44. Rd2 Rf8 45. b4 Rf3 46. Rc2 Kd4 47. Rd2+ Kxc4 48. Rc2+ Kxd5 49. Rxc7 Ra3 50. Rh7 Ke4 51. Rxh5 Rxa2+ 52. Kf1 d5 53. Rg5 d4 54. h5 d3 55. Ke1 Kd4 56. Rg7 Ra1+ 57. Kd2 Ra2+ 58. Ke1 Kc3 59. Rc7+ Kxb4 60. h6 Ra1+ 61. Kd2 Rh1 62. h7 a5 63. Rg7 Kb3 64. Kxd3 b5 65. Ke4 a4 66. Kf5 a3 67. Kg6 a2 68. Ra7 Kb2 0-1

[Event "34.Schlosspark-Open"]
[Site "Wiesbaden-Biebrich"]
[Date "2025.08.30"]
[Round "5.28"]
[White "Dietze, Frank"]
[Black "Martin, Reiner"]
[Result "0-1"]
[WhiteElo "2083"]
[BlackElo "1954"]
[PlyCount "56"]
[EventDate "2025.08.28"]
[WhiteTeam "Wiesbadener SV 1885"]
[BlackTeam "SC Bad Soden"]

1. d4 Nf6 2. c4 c5 3. d5 e6 4. Nc3 exd5 5. cxd5 d6 6. e4 g6 7. Bb5+ Bd7 8. a4 Bxb5 9. axb5 Bg7 10. Nf3 O-O 11. O-O Re8 12. Re1 Qc7 13. e5 dxe5 14. d6 Qb6 15. Nxe5 Nbd7 16. Nc4 Qd8 17. Bg5 Nb6 18. Rxe8+ Qxe8 19. Na5 Qd7 20. Qf3 Qxd6 21. Nxb7 Qe5 22. Bf4 Qf5 23. Nd6 Qg4 24. Qe3 Nfd5 25. Nxd5 Nxd5 26. Qe4 Qxf4 27. Qxd5 Rd8 28. Re1 Bd4 0-1

[Event "34.Schlosspark-Open"]
[Site "Wiesbaden-Biebrich"]
[Date "2025.08.30"]
[Round "5.29"]
[White "Pauls, Wilhelm"]
[Black "Musiienko, Platon"]
[Result "1-0"]
[WhiteElo "1941"]
[BlackElo "2083"]
[PlyCount "79"]
[EventDate "2025.08.28"]
[WhiteTeam "Sportgemeinschaft Kaarst 1912/35"]
[BlackTeam "Wiesbadener SV 1885"]

1. e4 e5 2. Nf3 Nc6 3. Bb5 a6 4. Ba4 Nf6 5. O-O b5 6. Bb3 Bc5 7. d3 O-O 8. c3 d6 9. Bg5 h6 10. Bh4 g5 11. Bg3 Bb6 12. a4 Bb7 13. Na3 Ne7 14. Qd2 Nh5 15. Nc2 c5 16. Ne3 Nc6 17. Nf5 Qf6 18. Bd5 Rab8 19. axb5 axb5 20. h4 Nf4 21. Bxf4 gxf4 22. Nh2 Kh7 23. Ng4 Qg6 24. Ngxh6 Bd8 25. Qe2 Na5 26. h5 Qf6 27. Bxb7 Rxb7 28. Qg4 c4 29. d4 Nb3 30. Ra6 Bb6 31. dxe5 Qxe5 32. Rd1 Bc5 33. Rd5 Qf6 34. Qxf4 Qe6 35. Ng4 Rd7 36. Qg5 f6 37. Qh6+ Kg8 38. Ra8 Rdf7 39. Rxf8+ Rxf8 40. Qg7# 1-0

[Event "34.Schlosspark-Open"]
[Site "Wiesbaden-Biebrich"]
[Date "2025.08.30"]
[Round "5.30"]
[White "Weber, Nikita"]
[Black "Jakob, Steffen"]
[Result "1-0"]
[WhiteElo "2082"]
[BlackElo "1918"]
[PlyCount "65"]
[EventDate "2025.08.28"]
[WhiteTeam "Vorw.Orient Mainz"]
[BlackTeam "Sges Bensheim 1931"]

1. e4 c6 2. d4 d5 3. Nc3 dxe4 4. Nxe4 Bf5 5. Ng3 Bg6 6. Nf3 Nf6 7. h4 h6 8. Ne5 Bh7 9. c3 e6 10. Bd3 Bxd3 11. Nxd3 Nbd7 12. Bf4 Nd5 13. Nh5 g6 14. Ng3 Nxf4 15. Nxf4 Qc7 16. Nd3 O-O-O 17. Qf3 Bd6 18. Ne4 f5 19. Nxd6+ Qxd6 20. O-O-O e5 21. Qg3 f4 22. dxe5 Qe6 23. Nxf4 Qxa2 24. Nxg6 Nc5 25. Qg4+ Kb8 26. Nxh8 Rd3 27. Qb4 Qd5 28. e6 a5 29. Qb6 a4 30. e7 Nb3+ 31. Qxb3 axb3 32. e8=Q+ Kc7 33. Qf7+ 1-0

[Event "34.Schlosspark-Open"]
[Site "Wiesbaden-Biebrich"]
[Date "2025.08.30"]
[Round "5.31"]
[White "Burkart, Lloyd Shang"]
[Black "Mönch, Dorothée"]
[Result "1-0"]
[WhiteElo "2080"]
[BlackElo "1768"]
[PlyCount "79"]
[EventDate "2025.08.28"]
[WhiteTeam "SV 1920 Hofheim"]
[BlackTeam "Sfr.Mainz 1928"]

1. d4 Nf6 2. c4 e6 3. g3 c5 4. d5 exd5 5. cxd5 d6 6. Nc3 Bf5 7. Bg2 Qe7 8. Bf4 Na6 9. e4 O-O-O 10. Qe2 Bg6 11. f3 Nh5 12. Be3 Kb8 13. g4 Nf6 14. h4 h6 15. Nh3 Nd7 16. Nf2 f6 17. a3 Nc7 18. O-O h5 19. g5 Be8 20. Rfc1 Ne5 21. b4 b6 22. bxc5 dxc5 23. Rab1 Ka8 24. f4 Ng6 25. e5 Bc6 26. dxc6 fxe5 27. Rd1 Rc8 28. Nb5 Nxf4 29. Bxf4 exf4 30. Qxe7 Bxe7 31. Rd7 Bd8 32. Rbd1 a6 33. Nd6 Rb8 34. Nf7 Rf8 35. Be4 b5 36. Nxd8 b4 37. axb4 cxb4 38. Nf7 Rbc8 39. Nd6 Ne6 40. c7+ 1-0

[Event "34.Schlosspark-Open"]
[Site "Wiesbaden-Biebrich"]
[Date "2025.08.30"]
[Round "5.32"]
[White "Schmitt, Carsten"]
[Black "Heindrich, Mark"]
[Result "0-1"]
[WhiteElo "1913"]
[BlackElo "2037"]
[PlyCount "72"]
[EventDate "2025.08.28"]
[WhiteTeam "SV Bergwinkel"]
[BlackTeam "SAbt TuS Dotzheim"]

1. c4 e5 2. g3 c6 3. d4 exd4 4. Qxd4 Nf6 5. Bg2 Na6 6. Nf3 Bc5 7. Qe5+ Be7 8. Nc3 O-O 9. O-O Re8 10. Qd4 Bc5 11. Qh4 Bb4 12. Re1 Bxc3 13. bxc3 Re4 14. Qg5 Rxc4 15. Ne5 Ra4 16. c4 d6 17. Nd3 Rxc4 18. Bb2 Be6 19. Rad1 Ne8 20. Qe3 Rc2 21. Ba1 Qa5 22. Nf4 Nac7 23. Be4 Rxa2 24. Bc3 Qa4 25. Nh5 f6 26. Rd4 Qb5 27. Bxh7+ Kxh7 28. Rh4 Kg8 29. Nxg7 Kxg7 30. Qh6+ Kf7 31. Qh7+ Ng7 32. Rf4 Nd5 33. Qh6 Nxc3 34. Rxf6+ Kg8 35. Rg6 Qg5 36. g4 Qe3 0-1

[Event "34.Schlosspark-Open"]
[Site "Wiesbaden-Biebrich"]
[Date "2025.08.30"]
[Round "5.33"]
[White "Müller, Lutz"]
[Black "McAdam, Mark"]
[Result "1-0"]
[WhiteElo "1911"]
[BlackElo "2011"]
[PlyCount "35"]
[EventDate "2025.08.28"]
[WhiteTeam "Sfr.Mainz 1928"]
[BlackTeam "SC Brett vorm Kopp Ffm"]

1. d4 Nf6 2. Nf3 e6 3. e3 c5 4. Bd3 d5 5. O-O Bd6 6. b3 O-O 7. Bb2 Nc6 8. Ne5 Qc7 9. f4 cxd4 10. exd4 Nb4 11. Nc3 Nxd3 12. Qxd3 a6 13. Rf3 b5 14. Rh3 Bb7 15. Ng4 Ne4 16. Nxe4 dxe4 17. Nf6+ Kh8 18. Rh4 1-0

[Event "34.Schlosspark-Open"]
[Site "Wiesbaden-Biebrich"]
[Date "2025.08.30"]
[Round "5.34"]
[White "Shanawaz Thabrez, Shahzaib"]
[Black "Schneider, Jörg"]
[Result "1/2-1/2"]
[WhiteElo "1899"]
[BlackElo "2004"]
[PlyCount "92"]
[EventDate "2025.08.28"]
[WhiteTeam "SK Langen"]
[BlackTeam "Sfr.Mainz 1928"]

1. e4 c5 2. Nf3 Nc6 3. Bb5 d6 4. O-O Bd7 5. c3 a6 6. Ba4 Nf6 7. Re1 e5 8. d4 Qc7 9. dxe5 dxe5 10. Bg5 Be7 11. Nbd2 b5 12. Bc2 O-O 13. Nf1 Rfe8 14. Ne3 Rad8 15. Qe2 Be6 16. Nh4 g6 17. Qf3 Nh5 18. Bxe7 Nxe7 19. g4 Nf4 20. Nhg2 Rd2 21. Rad1 Rxd1 22. Rxd1 Kg7 23. Nxf4 exf4 24. Nd5 Bxd5 25. exd5 Rd8 26. c4 Qe5 27. b3 bxc4 28. bxc4 Nc8 29. Kf1 Re8 30. Ba4 Re7 31. Bc2 Nd6 32. Qd3 f6 33. h4 f3 34. Qxf3 Nxc4 35. Kg2 Nd6 36. h5 Qg5 37. hxg6 hxg6 38. Qg3 Qe5 39. Qd3 Qf4 40. Qxg6+ Kf8 41. Rh1 Nf7 42. Rh7 Qg5 43. Bf5 Qxg6 44. Bxg6 Ne5 45. Rh8+ Kg7 46. Rh7+ Kf8 1/2-1/2

[Event "34.Schlosspark-Open"]
[Site "Wiesbaden-Biebrich"]
[Date "2025.08.30"]
[Round "5.35"]
[White "Kalina, Lena"]
[Black "Akhmatovski, Maxim"]
[Result "0-1"]
[WhiteElo "1891"]
[BlackElo "2136"]
[PlyCount "80"]
[EventDate "2025.08.28"]
[WhiteTeam "SC Landskrone"]
[BlackTeam "SV Oberursel"]

1. d4 Nf6 2. c4 e6 3. Nf3 Bb4+ 4. Bd2 Qe7 5. a3 Bxd2+ 6. Nbxd2 d6 7. e3 e5 8. d5 O-O 9. Be2 Ne8 10. O-O f5 11. e4 f4 12. b4 Nd7 13. Rc1 h6 14. Ne1 Ndf6 15. c5 g5 16. Bc4 Kh8 17. Nd3 g4 18. Rc3 Rg8 19. Qc1 Nh7 20. cxd6 cxd6 21. Bb5 Ng7 22. Rd1 g3 23. fxg3 Nh5 24. Nf3 Bg4 25. Nde1 Raf8 26. Rc7 Qf6 27. Bd7 fxg3 28. h3 Bxd7 29. Rxd7 Ng5 30. Qc7 Rg6 31. Qc2 Nf4 32. h4 Nxf3+ 33. Nxf3 Nh3+ 34. Kh1 Nf2+ 35. Kg1 Nxd1 36. Qxd1 Rg4 37. Qe1 Rc8 38. Rxb7 Qf4 39. Nd2 Rc1 40. Rb8+ Kh7 0-1